000 00788nam a2200265 i 4500
001 000016580
003 DO-SdBNP
005 20231016140521.0
007 ta
008 100308s1974 dr 000 0 spa d
040 _aDO-SdBNP
_bspa
_cBNPHU
_erda
049 _aBNPD
082 4 _bP912d
_222
100 1 _aPrats-Ramírez de Pérez, Yvelisse,
_925177
_eautor
245 1 0 _aDiagnóstico de la realidad educativa dominicana /
_cIvelisse Prats- Ramírez de Pérez.
264 _aSanto Domingo :
_bUASD,
_c1974.
300 _a24 páginas ;
_c22 cm.
336 _2rdacontent
_atexto
_btxt
337 _2rdamedia
_asin mediación
_bn
338 _2rdacarrier
_avolumen
_bnc
490 _aConferencia
_v18
_v171
590 _aInventariado, 2023/BT
910 _aBtavárez
942 _2ddc
_cLBS1
999 _c16113
_d16113